00829nam a2200193 a 450000100100000000500170001000800410002704000250006808200150009310000420010824500970015026000840024730000200033150000430035159000260039471100840042095201140050499900170061800004909020240305122052.0110801s1951 dr 000 0 spa d aDO-SdBNPbspacBNPHU axxbH565p,1 aHerrera, César A.,d1910-19889833313aLa poesía de Salomé Ureña en su función social y patriótica /cCésar A. Herrera. aSanto Domingo, República Dominicana :bFeria Nacional del libro,c1951.q1988 a18 p. ;c23 cm. aDedicada a Manuel Arturo Peña Batlle aInventariado, 2019/VM aFeria Nacional del Libron(16a :cSanto Domingo, República Dominicana)976468 00107-18PDaPDbPDcOId2019-07-18iLF1l0oxx H565p,p49091-10r2020-06-25w2020-06-25yLFPDZNo se presta c48578d48578